书目信息 |
| 题名: |
大学普通化学
|
|
| 作者: | 凯南 , Keenan 著 ;天津大学普通化学教研室 译 | |
| 分册: | 下册 | |
| 出版信息: | 北京 人民教育出版社 1981 |
|
| 页数: | 239页 | |
| 开本: | 25cm | |
| 丛书名: | ||
| 单 册: | ||
| 中图分类: | O6 | |
| 科图分类: | ||
| 主题词: | 普通化学--高等学校--教学参考资料 | |
| 电子资源: | ||
| ISBN: | ||
| 000 | 00779nam0 2200253 45 | |
| 001 | 0180005370 | |
| 005 | 20060925154049.76 | |
| 010 | @dCNY1.20 | |
| 091 | @a13012.0576 | |
| 100 | @a19950530d1981 em y0chiy0121 ea | |
| 101 | 1 | @achi@ceng |
| 102 | @aCN@b110000 | |
| 105 | @ay z 000yy | |
| 200 | 10 | @a大学普通化学@h下册@Ada xue pu tong hua xue@f(美)凯南(C.W.Keenan)著@g天津大学普通化学教研室译 |
| 210 | @a北京@c人民教育出版社@d1981 | |
| 215 | @a239页@d25cm | |
| 606 | @a普通化学@x高等学校@x教学参考资料 | |
| 690 | @aO6@v3 | |
| 701 | 1 | @a凯南@Akai nan@bC.W.@4著 |
| 701 | A1 | @aKeenan@bC.W.@4著 |
| 712 | 02 | @a天津大学普通化学教研室@Atian jin da xue pu tong hua xue jiao yan shi@4译 |
| 801 | 0 | @aCN@b上海图书馆@c20060925 |
| 801 | 2 | @aCN@bNLC@c20060814 |
| 905 | @dO6@e106:3 | |
| 大学普通化学.下册/(美)凯南(C.W.Keenan)著/天津大学普通化学教研室译.-北京:人民教育出版社,1981 |
| 239页;25cm |
| ISBN :CNY1.20 |
| ● |
| 相关链接 |
|
|
|
|
正题名:大学普通化学
索取号:O6/106:3
 
预约/预借
| 序号 | 登录号 | 条形码 | 馆藏地/架位号 | 状态 | 备注 |
| 1 | 0069823 | 202329300 | 密集书库/ [索取号:O6/106:3] | 在馆 | |
| 2 | 0069824 | 202378257 | 密集书库/ [索取号:O6/106:3] | 在馆 | |
| 3 | 0069825 | 202378248 | 密集书库/ [索取号:O6/106:3] | 在馆 | |
| 4 | 0069826 | 000338165 | 第三借阅区/ [索取号:O6/106:3] | 在馆 | |
| 5 | 0069827 | 202378293 | 密集书库/ [索取号:O6/106:3] | 在馆 | |
| 6 | 0069828 | 202378284 | 密集书库/ [索取号:O6/106:3] | 在馆 | |
| 7 | 0069829 | 000338174 | 第三借阅区/ [索取号:O6/106:3] | 在馆 | |
| 8 | 0069830 | 001943311 | 第三借阅区/ [索取号:O6/106:3] | 在馆 | |
| 9 | 0069831 | 000338183 | 第三借阅区/ [索取号:O6/106:3] | 在馆 | |
| 10 | 0069832 | 000338156 | 第二样本阅览室/ [索取号:O6/106:3] | 在馆 | |
| 11 | 0422591 | 204225917 | 密集书库/ [索取号:O6/106:3] | 在馆 | |
| 12 | 0454178 | 204541781 | 密集书库/ [索取号:O6/106:3] | 在馆 | |
| 13 | 0454179 | 204541790 | 密集书库/ [索取号:O6/106:3] | 在馆 | |
| 14 | 0454290 | 204542904 | 密集书库/ [索取号:O6/106:3] | 在馆 | |
| 15 | 0454291 | 204542913 | 密集书库/ [索取号:O6/106:3] | 在馆 | |
| 16 | 0454292 | 204542922 | 密集书库/ [索取号:O6/106:3] | 在馆 | |
| 17 | 0454293 | 204542931 | 密集书库/ [索取号:O6/106:3] | 在馆 | |
| 18 | 0454294 | 204542940 | 密集书库/ [索取号:O6/106:3] | 在馆 | |
| 19 | 0454295 | 204542959 | 密集书库/ [索取号:O6/106:3] | 在馆 | |
| 20 | 0461336 | 204613365 | 密集书库/ [索取号:O6/106:3] | 在馆 |